[Event "IECC P email"]
[Site "IECC email"]
[Date "2000.04.19"]
[Round "?"]
[White "Schumann, Christian"]
[Black "Romano, Frank C"]
[Result "1-0"]
[WhiteElo "1918"]
[BlackElo "2027"]
[PlyCount "85"]
[EventDate "2000.??.??"]
[EventType "tourn (corr)"]
[EventRounds "6"]
[SourceTitle "Corr 2008"]
[Source "ChessBase"]
[SourceDate "2008.06.24"]
[SourceVersion "1"]
[SourceVersionDate "2008.06.24"]
[SourceQuality "1"]

1. d4 f5 2. g3 Nf6 3. Bg2 g6 4. Nf3 Bg7 5. 0-0 0-0 6. b3 d6 7. Bb2 Qe8 8. c4 Na6 9. Re1 c6 10. a3 Bd7 11. Nbd2 e5 12. dxe5 Ng4 13. b4 Nxe5 14. Qb3 Rd8 15. Nd4 f4 16. c5+ d5 17. gxf4 Rxf4 18. e3 Rf8 19. f4 Ng4 20. e4 Qf7 21. exd5 Qxf4 22. N2f3 Bxd4+ 23. Bxd4 Nxh2 24. dxc6+ Rf7 25. Ne5 Qxd4+ 26. Kh1 Be8 27. Kxh2 Qf4+ 28. Qg3 Bxc6 29. Nxf7 Qxf7 30. Bxc6 bxc6 31. Rad1 Rxd1 32. Rxd1 Nc7 33. Rd6 Qe8 34. Qg4 Qe5+ 35. Kh3 Qe8 36. Kg3 Qe3+ 37. Kg2 Nd5 38. Rd8+ Kg7 39. Qd7+ Ne7 40. Qd4+ Qxd4 41. Rxd4 a6 42. Rd7 Kf6 43. Ra7 1-0

[Event "IECC TH-M email"]
[Site "IECC email"]
[Date "1999.11.17"]
[Round "?"]
[White "Nagley, Tim"]
[Black "Romano, Frank C"]
[Result "0-1"]
[WhiteElo "2007"]
[BlackElo "2035"]
[PlyCount "128"]
[EventDate "1999.??.??"]
[EventType "match (corr)"]
[EventRounds "2"]
[SourceTitle "Corr 2008"]
[Source "ChessBase"]
[SourceDate "2008.06.24"]
[SourceVersion "1"]
[SourceVersionDate "2008.06.24"]
[SourceQuality "1"]

1. e4 e6 2. d4 d5 3. exd5 exd5 4. Nf3 Bd6 5. c4 c6 6. Nc3 Ne7 7. Bd3 dxc4 8. Bxc4 0-0 9. 0-0 Nd7 10. Qc2 Nb6 11. Bd3 h6 12. Re1 Nbd5 13. a3 Be6 14. h3 Qd7 15. Ne4 Rad8 16. Nc5 Bxc5 17. Ne5 Qc8 18. dxc5 Bf5 19. Nc4 Bxd3 20. Qxd3 Nf5 21. g4 Nde3 22. Qc3 Nd5 23. Qf3 Nd4 24. Qd1 Ne6 25. b4 b6 26. Qc2 bxc5 27. bxc5 Qc7 28. Nd6 Nxc5 29. Nf5 Ne6 30. Rb1 Rfe8 31. Re4 c5 32. Bd2 Ne7 33. Qa4 Qd7 34. Be3 Qd5 35. Ng3 Nc6 36. Qc4 Qxc4 37. Rxc4 Rd3 38. a4 Ne5 39. Re4 Rd5 40. f4 Nd7 41. Kf2 Nf6 42. Rc4 Rd3 43. Ne4 Nd5 44. Re1 Rb8 45. Bxc5 Rb2+ 46. Re2 Rxe2+ 47. Kxe2 Ndxf4+ 48. Ke1 Nxc5 49. Nxc5 Rf3 50. h4 Ng2+ 51. Ke2 Nxh4 52. Nd7 g5 53. Rc7 a5 54. Ra7 Rf4 55. Rxa5 Kg7 56. Ra6 Nf3 57. a5 Nd4+ 58. Ke3 Rxg4 59. Nf6 Nf5+ 60. Kf2 Ra4 61. Nh5+ Kh7 62. Nf6+ Kg6 63. Nd5+ Kg7 64. Nc3 Ra1 0-1

[Event "IECC STA email"]
[Site "IECC email"]
[Date "1999.09.17"]
[Round "?"]
[White "Romano, Frank C"]
[Black "Angus, George"]
[Result "1/2-1/2"]
[WhiteElo "2013"]
[BlackElo "2025"]
[PlyCount "87"]
[EventDate "1999.??.??"]
[EventType "tourn (corr)"]
[EventRounds "6"]
[SourceTitle "Corr 2008"]
[Source "ChessBase"]
[SourceDate "2008.06.24"]
[SourceVersion "1"]
[SourceVersionDate "2008.06.24"]
[SourceQuality "1"]

1. f4 Nf6 2. Nf3 d5 3. e3 Bg4 4. Be2 e6 5. 0-0 Bd6 6. d4 c5 7. c3 0-0 8. b3 Ne4 9. Bb2 Qa5 10. Nfd2 Bxe2 11. Qxe2 Nf6 12. Nf3 Rc8 13. g3 Qb6 14. Nbd2 Nc6 15. Rab1 Qa5 16. a4 Qb6 17. Kh1 Rab8 18. Rfc1 Qd8 19. dxc5 Bxc5 20. c4 Nb4 21. Ne5 Qe7 22. e4 Rd8 23. Rd1 Rbc8 24. Rbc1 b6 25. exd5 exd5 26. cxd5 Nfxd5 27. Ne4 f6 28. Nc4 Re8 29. Re1 f5 30. Nc3 Qxe2 31. Rxe2 Nd3 32. Rcc2 Nxb2 33. Nxd5 Rxe2 34. Rxe2 Nxc4 35. bxc4 Kf7 36. Kg2 Bf8 37. Ne3 Re8 38. Kf3 Re4 39. Nxf5 Rxc4 40. Re4 Rc3+ 41. Re3 Rc5 42. g4 g6 43. Ng3 Ra5 44. Re4 1/2-1/2

[Event "IECC P email"]
[Site "IECC email"]
[Date "1999.05.31"]
[Round "?"]
[White "Romano, Frank C"]
[Black "Burrell, Edward"]
[Result "1-0"]
[WhiteElo "1983"]
[BlackElo "2193"]
[PlyCount "97"]
[EventDate "1999.??.??"]
[EventType "tourn (corr)"]
[EventRounds "6"]
[SourceTitle "Corr 2008"]
[Source "ChessBase"]
[SourceDate "2008.06.24"]
[SourceVersion "1"]
[SourceVersionDate "2008.06.24"]
[SourceQuality "1"]

1. Nf3 c5 2. b3 d6 3. Bb2 Nc6 4. g3 e5 5. d3 Nf6 6. Bg2 Be6 7. c4 Be7 8. Nc3 0-0 9. 0-0 Qd7 10. Ng5 Bg4 11. f3 Bf5 12. e4 Bg6 13. Bh3 Qc7 14. f4 exf4 15. gxf4 h6 16. Nf3 Rfe8 17. Qd2 Qd8 18. Kh1 Kf8 19. Rg1 Bh5 20. Raf1 g6 21. f5 Bxf3+ 22. Rxf3 g5 23. Bf1 Ne5 24. Rh3 Ng8 25. Nd5 Bf6 26. Rhg3 Nc6 27. h4 Bxb2 28. Qxb2 f6 29. Be2 Nd4 30. Bh5 Re5 31. b4 b6 32. hxg5 fxg5 33. bxc5 dxc5 34. Nf4 Qf6 35. Qh2 Ne7 36. Ne6+ Rxe6 37. fxe6 Kg7 38. R3g2 Nf3 39. Bxf3 Qxf3 40. Qg3 Qxg3 41. Rxg3 Rf8 42. Kg2 Ng6 43. e7 Nxe7 44. Rf3 Nc6 45. Rxf8 Kxf8 46. Kf3 Kg7 47. e5 Nxe5+ 48. Ke4 Nc6 49. a4 1-0

[Event "IECC KO email"]
[Site "IECC email"]
[Date "1999.02.15"]
[Round "1"]
[White "Schipmann, Torsten"]
[Black "Romano, Frank C"]
[Result "1/2-1/2"]
[WhiteElo "2046"]
[BlackElo "2050"]
[PlyCount "46"]
[EventDate "1999.??.??"]
[EventType "tourn (corr)"]
[EventRounds "6"]
[SourceTitle "Corr 2008"]
[Source "ChessBase"]
[SourceDate "2008.06.24"]
[SourceVersion "1"]
[SourceVersionDate "2008.06.24"]
[SourceQuality "1"]

1. e4 e6 2. d4 d5 3. Nd2 Nf6 4. e5 Nfd7 5. Bd3 c5 6. c3 Nc6 7. Ne2 Qb6 8. Nf3 cxd4 9. cxd4 f6 10. exf6 Nxf6 11. 0-0 Bd6 12. Nc3 0-0 13. Be3 Bd7 14. a3 Rae8 15. b4 Qd8 16. Rc1 Re7 17. b5 Na5 18. Qa4 Be8 19. Ne5 b6 20. Rc2 Rc7 21. Rfc1 a6 22. Bg5 Qb8 23. Re2 axb5 1/2-1/2

[Event "IECC STA email"]
[Site "IECC email"]
[Date "1999.01.23"]
[Round "?"]
[White "Romano, Frank C"]
[Black "Grouls, Cor"]
[Result "1/2-1/2"]
[WhiteElo "2001"]
[BlackElo "1691"]
[PlyCount "149"]
[EventDate "1999.??.??"]
[EventType "tourn (corr)"]
[EventRounds "6"]
[SourceTitle "Corr 2008"]
[Source "ChessBase"]
[SourceDate "2008.06.24"]
[SourceVersion "1"]
[SourceVersionDate "2008.06.24"]
[SourceQuality "1"]

1. Nf3 Nf6 2. g3 g6 3. Bg2 Bg7 4. 0-0 0-0 5. d3 d6 6. c3 e5 7. Nbd2 Nc6 8. e4 h6 9. Qc2 a5 10. h3 Bd7 11. a4 Qc8 12. Kh2 d5 13. Re1 dxe4 14. dxe4 Be6 15. b3 Rd8 16. Ba3 g5 17. Bf1 g4 18. Ng1 gxh3 19. f3 Rd7 20. Rad1 Bf8 21. Bc1 Bg7 22. Bxh3 Qe8 23. Bxe6 Qxe6 24. Nc4 Rad8 25. Rxd7 Rxd7 26. Ne2 Nh7 27. g4 Qf6 28. Kg2 Ng5 29. Bxg5 Qxg5 30. Rh1 b6 31. Ng3 Bf8 32. Nf5 Kh7 33. Rh5 Qg6 34. Qc1 f6 35. Nce3 Ne7 36. Nxe7 Bxe7 37. Nf5 Bf8 38. Kf1 c6 39. Qe3 c5 40. c4 Rd1+ 41. Ke2 Rd7 42. Qc1 Rd8 43. Ne3 Rd7 44. Nd5 Rd6 45. Qh1 Kg8 46. Rf5 Qf7 47. Qh4 Bg7 48. Kf2 Qe6 49. Kg3 Kh7 50. Qh5 Rc6 51. f4 exf4+ 52. Rxf4 Rd6 53. Qf5+ Kg8 54. Rf3 Qe5+ 55. Qxe5 fxe5 56. Kh4 Re6 57. Kh5 Rd6 58. Rf5 Re6 59. Rf1 Rd6 60. g5 hxg5 61. Kxg5 Re6 62. Nf6+ Kf7 63. Nh5+ Kg8 64. Nxg7 Kxg7 65. Rd1 Rg6+ 66. Kf5 Rg3 67. Rd7+ Kf8 68. Kxe5 Rxb3 69. Rb7 Rc3 70. Kd5 Rd3+ 71. Kc6 Rc3 72. Kxb6 Rxc4 73. Kxa5 Rxe4 74. Rc7 Rc4 75. Ra7 1/2-1/2

[Event "IECC O email"]
[Site "IECC email"]
[Date "1999.01.21"]
[Round "?"]
[White "Roldan Ortiz, Antonio Jose"]
[Black "Romano, Frank C"]
[Result "0-1"]
[WhiteElo "1929"]
[BlackElo "2026"]
[PlyCount "60"]
[EventDate "1999.??.??"]
[EventType "tourn (corr)"]
[EventRounds "6"]
[SourceTitle "Corr 2008"]
[Source "ChessBase"]
[SourceDate "2008.06.24"]
[SourceVersion "1"]
[SourceVersionDate "2008.06.24"]
[SourceQuality "1"]

1. d4 f5 2. e4 fxe4 3. Nc3 Nf6 4. g4 h6 5. f3 d5 6. h3 Nc6 7. Be3 e5 8. dxe5 Nxe5 9. fxe4 Nxe4 10. Nxe4 dxe4 11. Qxd8+ Kxd8 12. 0-0-0+ Bd6 13. Ne2 Bd7 14. Nc3 Bc6 15. Bg2 Nf3 16. Rhf1 Rf8 17. g5 hxg5 18. Bxg5+ Kd7 19. Be3 Rae8 20. b4 b6 21. b5 Bb7 22. h4 Kc8 23. h5 Rh8 24. Rh1 Bb4 25. Nd5 Ba3+ 26. Kb1 Re5 27. Bh3+ Kb8 28. Nxc7 Rf8 29. Rd7 Rxh5 30. c4 Ne5 0-1

[Event "EXCLAM op3 corr"]
[Site "Email"]
[Date "1999.??.??"]
[Round "?"]
[White "Romano, Frank C"]
[Black "Schutt, Raymond Wayne"]
[Result "0-1"]
[WhiteElo "2100"]
[BlackElo "2300"]
[PlyCount "30"]
[EventDate "1999.??.??"]
[EventType "tourn (corr)"]
[EventRounds "6"]
[SourceTitle "Corr 2002"]
[Source "ChessBase"]
[SourceDate "2002.05.23"]
[SourceVersion "1"]
[SourceVersionDate "2002.05.23"]
[SourceQuality "1"]

1. f4 c5 2. Nf3 Nc6 3. g3 g6 4. Bg2 Bg7 5. 0-0 e6 6. d3 Nge7 7. c4 0-0 8. Nc3 d5 9. Bd2 b6 10. cxd5 exd5 11. a3 d4 12. Ne4 Nd5 13. Rb1 f5 14. Neg5 h6 15. Qb3 Nce7 0-1

[Event "EXCLAM op3 corr"]
[Site "Email"]
[Date "1999.??.??"]
[Round "?"]
[White "Tinture, Laurent"]
[Black "Romano, Frank C"]
[Result "1-0"]
[WhiteElo "2430"]
[BlackElo "2100"]
[PlyCount "33"]
[EventDate "1999.??.??"]
[EventType "tourn (corr)"]
[EventRounds "6"]
[SourceTitle "Corr 2002"]
[Source "ChessBase"]
[SourceDate "2002.05.23"]
[SourceVersion "1"]
[SourceVersionDate "2002.05.23"]
[SourceQuality "1"]

1. e4 e6 2. d4 d5 3. Nc3 Bb4 4. e5 c5 5. a3 Bxc3+ 6. bxc3 Ne7 7. Qg4 0-0 8. Bd3 Nbc6 9. Qh5 h6 10. Bxh6 gxh6 11. Qxh6 Nf5 12. Bxf5 exf5 13. 0-0-0 Ne7 14. Rd3 f4 15. Rg3+ Ng6 16. Ne2 Bf5 17. Nxf4 1-0

[Event "IECC Swiss email"]
[Site "IECC email"]
[Date "1998.12.16"]
[Round "?"]
[White "Kent, Kevin"]
[Black "Romano, Frank C"]
[Result "1/2-1/2"]
[WhiteElo "1857"]
[BlackElo "2030"]
[PlyCount "92"]
[EventDate "1998.??.??"]
[EventType "tourn (corr)"]
[EventRounds "6"]
[SourceTitle "Corr 2008"]
[Source "ChessBase"]
[SourceDate "2008.06.24"]
[SourceVersion "1"]
[SourceVersionDate "2008.06.24"]
[SourceQuality "1"]

1. d4 f5 2. g3 Nf6 3. Bg2 g6 4. Nf3 Bg7 5. 0-0 0-0 6. c4 d6 7. Nc3 Qe8 8. Re1 Qf7 9. Ng5 Qxc4 10. Bf1 Qc6 11. e4 fxe4 12. Bb5 Qb6 13. Bc4+ Kh8 14. Nf7+ Rxf7 15. Bxf7 Bf5 16. Be3 c6 17. d5 c5 18. Na4 Qc7 19. Nc3 Nbd7 20. Be6 Bxe6 21. dxe6 Ne5 22. Re2 Qc6 23. Qa4 Qxa4 24. Nxa4 b5 25. Nc3 b4 26. Na4 Nf3+ 27. Kg2 Nd4 28. Bxd4 cxd4 29. Rc2 Nd5 30. Rac1 Rf8 31. Rc8 d3 32. Rxf8+ Bxf8 33. Rc4 e3 34. Kf1 exf2 35. Rd4 Nc7 36. Kxf2 a5 37. Rxd3 Bh6 38. h4 Kg7 39. g4 g5 40. h5 Kf6 41. Nb6 Nxe6 42. Rf3+ Nf4 43. a3 e5 44. axb4 axb4 45. Nd5+ Ke6 46. Nxb4 d5 1/2-1/2

[Event "IECC Swiss email"]
[Site "IECC email"]
[Date "1998.11.27"]
[Round "?"]
[White "Jimenez Alonso, Julio"]
[Black "Romano, Frank C"]
[Result "1/2-1/2"]
[WhiteElo "2156"]
[BlackElo "2020"]
[PlyCount "114"]
[EventDate "1998.??.??"]
[EventType "tourn (corr)"]
[EventRounds "6"]
[SourceTitle "Corr 2008"]
[Source "ChessBase"]
[SourceDate "2008.06.24"]
[SourceVersion "1"]
[SourceVersionDate "2008.06.24"]
[SourceQuality "1"]

1. e4 e6 2. d4 d5 3. e5 c5 4. c3 Nc6 5. Nf3 Qb6 6. a3 c4 7. Nbd2 Na5 8. Be2 Bd7 9. 0-0 Ne7 10. Rb1 h6 11. Qc2 Qc6 12. b3 cxb3 13. Nxb3 Qa4 14. Bd3 Nec6 15. Qa2 Nxb3 16. Rxb3 Na5 17. Rb1 Be7 18. Nd2 0-0 19. Qb2 Rac8 20. f4 a6 21. Rf3 Qc6 22. Nb3 Nc4 23. Qe2 f5 24. exf6 Rxf6 25. Rg3 Bxa3 26. Bxa3 Nxa3 27. Na5 Qxc3 28. Bh7+ Kxh7 29. Rxc3 Rxc3 30. Ra1 b6 31. Qd2 Nb5 32. Nb3 a5 33. Nc1 Rc4 34. Ne2 Rf8 35. Qe3 a4 36. Qe5 a3 37. g4 Ra4 38. Kh1 a2 39. g5 hxg5 40. Qxg5 Ra7 41. Nc1 Nxd4 42. Rxa2 Rxa2 43. Nxa2 Nf5 44. Kg1 d4 45. Nb4 Rc8 46. Nd3 Be8 47. h3 b5 48. Qg2 Rc3 49. Qe4 Bg6 50. Ne5 Rxh3 51. Qc6 Ne3 52. Qxe6 Bf5 53. Qd6 Rg3+ 54. Kf2 Rg2+ 55. Kf3 Rd2 56. Nf7 Bg4+ 57. Ke4 Bf5+ 1/2-1/2

[Event "IECC Swiss email"]
[Site "IECC email"]
[Date "1998.11.27"]
[Round "1"]
[White "Mathews, Michael W"]
[Black "Romano, Frank C"]
[Result "1-0"]
[WhiteElo "2024"]
[BlackElo "2099"]
[PlyCount "93"]
[EventDate "1998.??.??"]
[EventType "tourn (corr)"]
[EventRounds "6"]
[SourceTitle "Corr 2008"]
[Source "ChessBase"]
[SourceDate "2008.06.24"]
[SourceVersion "1"]
[SourceVersionDate "2008.06.24"]
[SourceQuality "1"]

1. e4 e6 2. d4 d5 3. e5 c5 4. c3 Nc6 5. Nf3 Qb6 6. Be2 cxd4 7. cxd4 Nh6 8. Nc3 Nf5 9. Na4 Qa5+ 10. Bd2 Bb4 11. Bc3 b5 12. a3 Bxc3+ 13. Nxc3 b4 14. axb4 Qxb4 15. Bb5 Bd7 16. Bxc6 Bxc6 17. Qd2 0-0 18. 0-0 Rfb8 19. Rfb1 h5 20. h3 a5 21. g4 hxg4 22. hxg4 Ne7 23. Ra2 Be8 24. Kg2 a4 25. Rba1 Nc8 26. Rh1 Nb6 27. Qg5 a3 28. Nd1 Nc4 29. bxa3 Qb1 30. Qh5 Kf8 31. Re2 Qd3 32. Ree1 Rxa3 33. Rh3 Ke7 34. Qg5+ Kd7 35. Ne3 Rb2 36. Nxd5 exd5 37. e6+ fxe6 38. Ne5+ Nxe5 39. Qxg7+ Kd8 40. Qf6+ Kd7 41. Rxd3 Nxd3 42. Qxe6+ Kc7 43. Qxe8 Nxe1+ 44. Qxe1 Raa2 45. Qe5+ Kc8 46. Qf5+ Kc7 47. g5 1-0

[Event "IECC Swiss email"]
[Site "IECC email"]
[Date "1998.11.27"]
[Round "1"]
[White "Romano, Frank C"]
[Black "Grazinys, Vidmantas"]
[Result "1/2-1/2"]
[WhiteElo "2121"]
[BlackElo "2011"]
[PlyCount "57"]
[EventDate "1998.??.??"]
[EventType "tourn (corr)"]
[EventRounds "6"]
[SourceTitle "Corr 2008"]
[Source "ChessBase"]
[SourceDate "2008.06.24"]
[SourceVersion "1"]
[SourceVersionDate "2008.06.24"]
[SourceQuality "1"]

1. f4 d5 2. Nf3 Nf6 3. g3 Nc6 4. Bg2 Bf5 5. d3 e6 6. 0-0 Bd6 7. e3 Qe7 8. Nc3 a6 9. Qe2 0-0-0 10. Kh1 Bg4 11. Qe1 h6 12. a3 g5 13. e4 gxf4 14. Bxf4 Bxf4 15. gxf4 Rhg8 16. exd5 Bxf3 17. Rxf3 Rxg2 18. Kxg2 Nd4 19. Rf2 Ng4 20. Kh1 Nxf2+ 21. Qxf2 Qf6 22. Ne4 Qh8 23. d6 cxd6 24. c3 Nc6 25. d4 d5 26. Nc5 Rg8 27. Rg1 Rxg1+ 28. Kxg1 Qf6 29. Kf1 1/2-1/2

[Event "IECC Swiss email"]
[Site "IECC email"]
[Date "1998.11.27"]
[Round "2"]
[White "Romano, Frank C"]
[Black "Topi Hulmi, Teemu"]
[Result "1-0"]
[WhiteElo "2092"]
[BlackElo "1936"]
[PlyCount "79"]
[EventDate "1998.??.??"]
[EventType "tourn (corr)"]
[EventRounds "6"]
[SourceTitle "Corr 2008"]
[Source "ChessBase"]
[SourceDate "2008.06.24"]
[SourceVersion "1"]
[SourceVersionDate "2008.06.24"]
[SourceQuality "1"]

1. f4 d5 2. Nf3 Nf6 3. g3 Bf5 4. Bg2 e6 5. d3 Bc5 6. e3 0-0 7. 0-0 Nbd7 8. Nc3 c6 9. Qe1 Qc7 10. Kh1 Rfe8 11. e4 dxe4 12. dxe4 Bg6 13. e5 Nd5 14. Ne4 Bb6 15. Bd2 f6 16. c4 fxe5 17. fxe5 Nxe5 18. Nxe5 Qxe5 19. cxd5 exd5 20. Nc3 Qd4 21. Qd1 Rf8 22. Bf4 Qb4 23. Qd2 Rae8 24. Rae1 Kh8 25. Nd1 Qxd2 26. Bxd2 Rxf1+ 27. Bxf1 Rxe1 28. Bxe1 Bc2 29. Nf2 Bd4 30. b4 Bb1 31. a3 Bb2 32. a4 Bd4 33. Bh3 Bc2 34. a5 b6 35. Kg2 bxa5 36. bxa5 h6 37. Bd7 c5 38. Be6 Bxf2 39. Kxf2 d4 40. Bd2 1-0

[Event "IECC KO email"]
[Site "IECC email"]
[Date "1998.09.30"]
[Round "?"]
[White "Katz, Rafael Marcos"]
[Black "Romano, Frank C"]
[Result "1-0"]
[WhiteElo "2059"]
[BlackElo "2109"]
[PlyCount "77"]
[EventDate "1998.??.??"]
[EventType "tourn (corr)"]
[EventRounds "6"]
[SourceTitle "Corr 2008"]
[Source "ChessBase"]
[SourceDate "2008.06.24"]
[SourceVersion "1"]
[SourceVersionDate "2008.06.24"]
[SourceQuality "1"]

1. d4 f5 2. c4 Nf6 3. g3 e6 4. Bg2 Bb4+ 5. Nd2 0-0 6. Ngf3 d6 7. 0-0 Bxd2 8. Qxd2 Qe7 9. b3 e5 10. dxe5 dxe5 11. Bb2 Nc6 12. Rad1 a5 13. Qc1 Ra6 14. a3 e4 15. Ng5 Nd7 16. Nh3 Nc5 17. Qc2 Rb6 18. Bc1 Nxb3 19. Be3 Qxa3 20. Bxb6 cxb6 21. e3 Qb4 22. f3 Ne5 23. fxe4 Qxc4 24. Qb1 Qc3 25. exf5 Nd2 26. Qa2+ Ndc4 27. e4 b5 28. Nf4 Qe3+ 29. Kh1 Bd7 30. Rfe1 Qb6 31. Rd5 Kh8 32. Qa1 Re8 33. Bf1 Re7 34. Red1 Qc6 35. Qd4 Be8 36. Rc5 Qh6 37. Rc8 Nf3 38. Qf2 Nd6 39. Ng6+ 1-0

[Event "IECC KO email"]
[Site "IECC email"]
[Date "1998.09.30"]
[Round "?"]
[White "Romano, Frank C"]
[Black "Katz, Rafael Marcos"]
[Result "1/2-1/2"]
[WhiteElo "2112"]
[BlackElo "2038"]
[PlyCount "84"]
[EventDate "1998.??.??"]
[EventType "tourn (corr)"]
[EventRounds "6"]
[SourceTitle "Corr 2008"]
[Source "ChessBase"]
[SourceDate "2008.06.24"]
[SourceVersion "1"]
[SourceVersionDate "2008.06.24"]
[SourceQuality "1"]

1. f4 d5 2. Nf3 g6 3. g3 Bg7 4. Bg2 Nf6 5. 0-0 0-0 6. d3 b6 7. a4 Bb7 8. c3 c5 9. Na3 Nc6 10. Qc2 Rc8 11. e4 Nb4 12. Qe2 dxe4 13. dxe4 Qd3 14. Re1 Qxe2 15. Rxe2 Nd3 16. e5 Ng4 17. h3 Nh6 18. Ne1 Bxg2 19. Kxg2 Rfd8 20. g4 Nxc1 21. Rxc1 Rd5 22. Nc4 Kf8 23. Rd2 Rxd2+ 24. Nxd2 f6 25. exf6 exf6 26. Kf3 Rd8 27. Nc4 Ng8 28. Nc2 Ne7 29. N2e3 f5 30. Rc2 Kf7 31. Rd2 Rxd2 32. Nxd2 Ke6 33. gxf5+ gxf5 34. Ndc4 h5 35. Ng2 Nc8 36. Ne1 Nd6 37. Ne3 a6 38. Nd3 Ne4 39. c4 Bd4 40. Ke2 Nd6 41. b3 Bxe3 42. Kxe3 Nb7 1/2-1/2

[Event "IECC TH-M email"]
[Site "IECC email"]
[Date "1998.05.09"]
[Round "?"]
[White "Nagley, Tim"]
[Black "Romano, Frank C"]
[Result "1/2-1/2"]
[WhiteElo "1870"]
[BlackElo "2121"]
[PlyCount "82"]
[EventDate "1998.??.??"]
[EventType "match (corr)"]
[EventRounds "2"]
[SourceTitle "Corr 2008"]
[Source "ChessBase"]
[SourceDate "2008.06.24"]
[SourceVersion "1"]
[SourceVersionDate "2008.06.24"]
[SourceQuality "1"]

1. e4 e6 2. d4 d5 3. Nc3 Nf6 4. Bg5 Be7 5. e5 Nfd7 6. Bxe7 Qxe7 7. f4 a6 8. Nf3 c5 9. dxc5 Nc6 10. a3 Qxc5 11. Qd2 b5 12. Qf2 Qe7 13. g3 0-0 14. Ne2 f6 15. Ned4 Ncxe5 16. Bg2 Nxf3+ 17. Qxf3 Bb7 18. Bh3 f5 19. 0-0-0 Nf6 20. Rhe1 Ne4 21. Re3 Rfc8 22. g4 g6 23. Red3 Rc7 24. Qg2 Kh8 25. c3 Qe8 26. gxf5 exf5 27. Qg1 Rac8 28. Bg2 a5 29. Nc2 Qf8 30. Qd4+ Qg7 31. Qxg7+ Rxg7 32. Re3 Kg8 33. Bf1 Nd6 34. Bg2 Nc4 35. Red3 Nb6 36. Ne3 b4 37. Nxd5 Nxd5 38. Bxd5+ Kf8 39. Kc2 Bxd5 40. Rxd5 bxc3 41. bxc3 Rgc7 1/2-1/2

[Event "IECC TH-M email"]
[Site "IECC email"]
[Date "1998.04.08"]
[Round "?"]
[White "Kamaluddin, Yusof"]
[Black "Romano, Frank C"]
[Result "1/2-1/2"]
[WhiteElo "2070"]
[BlackElo "2104"]
[PlyCount "80"]
[EventDate "1998.??.??"]
[EventType "match (corr)"]
[EventRounds "2"]
[SourceTitle "Corr 2008"]
[Source "ChessBase"]
[SourceDate "2008.06.24"]
[SourceVersion "1"]
[SourceVersionDate "2008.06.24"]
[SourceQuality "1"]

1. d4 f5 2. c4 Nf6 3. g3 g6 4. Bg2 Bg7 5. Nc3 0-0 6. Nf3 d6 7. 0-0 Qe8 8. d5 Na6 9. Rb1 c6 10. dxc6 bxc6 11. b4 Rb8 12. a3 Bb7 13. Qb3 Kh8 14. Rd1 Qf7 15. Ng5 Qg8 16. Bb2 h6 17. Nf3 c5 18. b5 Nc7 19. Rd2 Ne4 20. Nxe4 Bxe4 21. Qe3 g5 22. Bxg7+ Qxg7 23. Rbd1 Na8 24. Ne1 Nb6 25. Qb3 Bxg2 26. Nxg2 f4 27. e3 f3 28. Ne1 Qf7 29. Rc1 g4 30. a4 Nd7 31. Qc3+ Kg8 32. e4 Ne5 33. a5 Qg6 34. Nd3 Qh5 35. Kh1 Qh3 36. Rg1 Ng6 37. Nb2 Ne5 38. Nd1 Rf6 39. Ne3 Qh5 40. Nd5 Rf7 1/2-1/2

[Event "IECC TH-M email"]
[Site "IECC email"]
[Date "1998.04.08"]
[Round "?"]
[White "Klubeck, Martin"]
[Black "Romano, Frank C"]
[Result "0-1"]
[WhiteElo "1897"]
[BlackElo "2104"]
[PlyCount "68"]
[EventDate "1998.??.??"]
[EventType "match (corr)"]
[EventRounds "2"]
[SourceTitle "Corr 2008"]
[Source "ChessBase"]
[SourceDate "2008.06.24"]
[SourceVersion "1"]
[SourceVersionDate "2008.06.24"]
[SourceQuality "1"]

1. f4 e5 2. fxe5 d6 3. exd6 Bxd6 4. Nf3 g5 5. g3 g4 6. Nh4 Ne7 7. d4 Ng6 8. Nxg6 hxg6 9. Qd3 Nc6 10. c3 Qe7 11. Bg2 Bf5 12. e4 0-0-0 13. 0-0 Ne5 14. Qe3 Bd7 15. Nd2 Bb5 16. Rf2 Nd3 17. e5 Nxe5 18. dxe5 Bc5 19. Qf4 f5 20. b4 Bxf2+ 21. Qxf2 Kb8 22. Qc5 Qxc5+ 23. bxc5 Rhe8 24. Rb1 c6 25. c4 Ba6 26. Bxc6 Rxe5 27. Nf1 Rd1 28. Bb5 Bxb5 29. cxb5 Kc8 30. Bf4 Rxb1 31. Bxe5 Rxb5 32. Bd6 Ra5 33. Kf2 Kd7 34. Ke3 Rxa2 0-1

[Event "IECC CL2-1998.07"]
[Site "IECC email"]
[Date "1998.04.04"]
[Round "?"]
[White "Romano, Frank C"]
[Black "Avraham, Ben"]
[Result "1-0"]
[WhiteElo "2109"]
[BlackElo "2161"]
[PlyCount "95"]
[EventDate "1998.??.??"]
[EventType "tourn (corr)"]
[EventRounds "4"]
[SourceTitle "Corr 2008"]
[Source "ChessBase"]
[SourceDate "2008.06.24"]
[SourceVersion "1"]
[SourceVersionDate "2008.06.24"]
[SourceQuality "1"]

1. f4 d5 2. Nf3 Nf6 3. g3 g6 4. Bg2 Bg7 5. 0-0 0-0 6. d3 b6 7. Qe1 Bb7 8. a4 c5 9. Na3 Nc6 10. Bd2 a6 11. c3 Qc7 12. Rb1 d4 13. Nc2 Nd5 14. c4 Nf6 15. b4 Nd7 16. Qf2 e6 17. Rb2 a5 18. bxa5 Nxa5 19. Na3 Nc6 20. Nb5 Qb8 21. Ra1 Rd8 22. Rba2 Nf6 23. h3 Ra6 24. a5 Nxa5 25. Bxa5 Rxa5 26. Rxa5 bxa5 27. Rxa5 Ne8 28. Ng5 Bxg2 29. Qxg2 h6 30. Ne4 e5 31. Nxc5 exf4 32. g4 Qe5 33. Nb3 Nc7 34. Nxc7 Qxc7 35. Ra8 Rb8 36. Qe4 Qd8 37. Rxb8 Qxb8 38. Nd2 g5 39. Nf3 Qd6 40. Kg2 Kf8 41. Qa8+ Ke7 42. Qb7+ Qd7 43. Qb4+ Kd8 44. Qa5+ Ke7 45. Nd2 Qe6 46. Ne4 Be5 47. Kf3 Bg7 48. Qc7+ 1-0

[Event "IECC CL2-1998.07"]
[Site "IECC email"]
[Date "1998.04.04"]
[Round "?"]
[White "Romano, Frank C"]
[Black "Tisseyre, Laurent"]
[Result "0-1"]
[WhiteElo "2121"]
[BlackElo "2110"]
[PlyCount "44"]
[EventDate "1998.??.??"]
[EventType "tourn (corr)"]
[EventRounds "4"]
[SourceTitle "Corr 2008"]
[Source "ChessBase"]
[SourceDate "2008.06.24"]
[SourceVersion "1"]
[SourceVersionDate "2008.06.24"]
[SourceQuality "1"]

1. f4 e5 2. fxe5 Nc6 3. Nf3 g5 4. d4 g4 5. Ng5 d5 6. exd6 Qxd6 7. d5 Nb4 8. c4 Qg6 9. Na3 h6 10. Qd4 Bg7 11. Qe4+ Ne7 12. Qxg6 Nxg6 13. Ne4 0-0 14. Ng3 Re8 15. Kf2 Nd3+ 16. Kg1 Nxc1 17. Nc2 Bxb2 18. Rb1 Nxe2+ 19. Bxe2 Be5 20. Kf2 b6 21. Rhe1 Bd7 22. Bd3 Nf4 0-1